Statistics for Marvel's Captain America: The Winter Soldier Characters Quiz

Click here to take the quiz!

General Stats

  • This quiz has been taken 706 times
  • The average score is 8 of 10

Answer Stats

Actor/ActressDescriptionCharacter% Correct
Chris EvansA World War II veteran who was enhanced to the peak of human physicality by an experimental serum, frozen in suspended animation, and is now struggling to adjust to the modern worldSteve Rogers / Captain America
100%
Scarlett JohanssonA highly trained spy working for S.H.I.E.L.D., who partners with RogersNatasha Romanoff / Black Widow
99%
Sebastian StanSteve Rogers' best friend, who has re-emerged as an enhanced brainwashed assassin after being thought killed in action during World War IIBucky Barnes / Winter Soldier
98%
Anthony MackieA former pararescueman trained by the military in aerial combat using a specially designed wing packSam Wilson / Falcon
97%
Samuel L. JacksonThe director of S.H.I.E.L.D.Nick Fury
96%
Hayley AtwellA retired officer with the Strategic Scientific Reserve and a co-founder of S.H.I.E.L.D., who is a former love interest of Steve RogersPeggy Carter
86%
Emily VanCampA S.H.I.E.L.D. agent assigned to guard Rogers without his knowledgeSharon Carter / Agent 13
81%
Cobie SmuldersA high-ranking S.H.I.E.L.D. agent who works closely with Nick FuryMaria Hill
78%
Frank GrilloCommander of S.H.I.E.L.D.'s counter-terrorism S.T.R.I.K.E. teamBrock Rumlow
56%
Robert RedfordA senior leader within S.H.I.E.L.D., a member of the World Security Council and an old comrade of Nick FuryAlexander Pierce
52%

Score Distribution

Percentile by Number Answered

Percent of People with Each Score

Your Score History

You have not taken this quiz